000 00763nam a22003257a 4500
005 20250624163537.0
008 210201b2018 xxu||||| |||| 00| 0 spa d
020 _a9788441540996
041 _aESP
082 _a005.5 D352o
100 _aDelgado Cabrera, José María
245 _aOffice 2019
260 _aEspaña
260 _bAnaya
260 _c2018
300 _a415 páginas
490 _aTemática General
650 _aOFFICE
650 _aINFORMÁTICA
650 _aTECNOLOGÍAS DE LA INFORMACIÓN
650 _aWORD
650 _aTABLAS
650 _aGRÁFICOS DE DATOS
650 _aHERRAMIENTAS DE ESCRITURA
650 _aEXCEL
650 _aPOWER POINT
650 _aONE NOTE
650 _aACCESS
942 _cBK
_2ddc
999 _c12892
_d12892